| 000 | 00778nam a2200229 i 4500 | ||
|---|---|---|---|
| 001 | 75442 | ||
| 003 | ES-MaACL | ||
| 005 | 20250824065255.0 | ||
| 007 | t| | ||
| 008 | 040924s1969 sp ||||1| spa d | ||
| 100 | 1 |
_aGrass, Günter. _959693 |
|
| 245 | 1 | 4 |
_aLos plebeyos ensayan la rebelión _b: (una tragedia alemana) / _cGünter Grass ; traducción de Heleno Saña Alcón. |
| 260 |
_aMadrid : _bCuadernos para el Diálogo, _c1969. |
||
| 300 |
_a163 p. ; _c18 cm. |
||
| 490 | 1 |
_aLibros de teatro ; _v14 |
|
| 700 | 1 |
_aSaña, Heleno, _d1930- _9103701 |
|
| 710 | 2 |
_aCuadernos para el Diálogo. _93333 |
|
| 830 | 1 | 0 |
_aLibros de teatro (Cuadernos para el Diálogo) _v14 _9180757 |
| 852 |
_aES-MaACL _jC-40656 |
||
| 852 |
_aES-MaACL _jA-9851 |
||
| 999 |
_c75442 _d75442 |
||